| 000 | 00797nam a2200229 u 4500 | ||
|---|---|---|---|
| 005 | 20221104063500.0 | ||
| 008 | 101129s2008 mx r 000 0 spa d | ||
| 020 | _a9701059131 (10 dígitos) | ||
| 020 | _a9789701059135 (13 dígitos) | ||
| 035 | _aUPN01000178831 | ||
| 049 | _aCG | ||
| 050 | 4 |
_aHF5549 _bW4.28 2008 |
|
| 100 | 1 |
_aWerther, William B., _d1947- _938634 |
|
| 245 | 1 | 0 |
_aAdministración de recursos humanos : _bel capital humano de las empresas / _cWilliam B. Werther, Keith Davis ; tr. Joaquín Mejía Gómez. |
| 250 | _a6a ed. | ||
| 260 |
_aMéxico : _bMcGraw-Hill, _c2008. |
||
| 300 |
_a610 p. : _bil. |
||
| 534 |
_pTraducción de: _tHuman resources and personnel management |
||
| 650 | 2 |
_aAdministración de personal _9487 |
|
| 700 | 1 |
_aDavis, Keith, _ecoaut. |
|
| 905 | _aLibro | ||
| 999 |
_c150934 _d150934 |
||